[Event "Luxembourg-chT 9899"]
[Site "Luxembourg"]
[Date "1999.03.14"]
[Round "9"]
[White "Daubenfeld, Nico"]
[Black "Krier, Jeannot"]
[Result "0-1"]
[WhiteElo "2010"]
[BlackElo "2015"]
[PlyCount "58"]
[EventDate "1998.10.08"]
[EventType "team"]
[EventRounds "10"]
[EventCountry "LUX"]
[SourceTitle "EXT 2005"]
[Source "ChessBase"]
[SourceDate "2004.11.15"]
[SourceVersion "1"]
[SourceVersionDate "2004.11.15"]
[SourceQuality "1"]

1. e4 c6 2. d4 d5 3. e5 Bf5 4. h4 h5 5. Bd3 Bxd3 6. Qxd3 e6 7. Nh3 c5 8. Bg5 Qa5+ 9. Bd2 Qc7 10. c3 Nc6 11. Na3 a6 12. Nc2 Nge7 13. Nf4 c4 14. Qf3 0-0-0 15. b4 cxb3 16. axb3 g6 17. 0-0 Nf5 18. g3 Bh6 19. Ne3 Rdg8 20. Rfd1 Nxe3 21. Bxe3 g5 22. Ng2 gxh4 23. Nxh4 Qe7 24. Bxh6 Qxh4 25. Qxf7 Qg4 26. Qf6 h4 27. Bf4 hxg3 28. fxg3 Rf8 29. Qg5 Qf3 0-1

[Event "Luxembourg-chT 9899"]
[Site "Luxembourg"]
[Date "1999.02.28"]
[Round "8"]
[White "Krier, Jeannot"]
[Black "Schockmel, Jean Marie"]
[Result "1-0"]
[WhiteElo "2015"]
[BlackElo "2015"]
[PlyCount "85"]
[EventDate "1998.10.08"]
[EventType "team"]
[EventRounds "10"]
[EventCountry "LUX"]
[SourceTitle "EXT 2005"]
[Source "ChessBase"]
[SourceDate "2004.11.15"]
[SourceVersion "1"]
[SourceVersionDate "2004.11.15"]
[SourceQuality "1"]

1. e4 c5 2. Nc3 Nc6 3. f4 d6 4. Nf3 Nf6 5. Bb5 a6 6. Bxc6+ bxc6 7. 0-0 Bg4 8. d4 cxd4 9. Qxd4 Rb8 10. Be3 Bd7 11. Qc4 Qc8 12. e5 Ng4 13. Bc1 Qb7 14. Qe2 d5 15. f5 Bxf5 16. Ng5 e6 17. h3 Nh6 18. g4 Bg6 19. h4 Qb4 20. Rf4 Qe7 21. Qxa6 Qb7 22. Qe2 Bc5+ 23. Kh2 Qe7 24. Kh3 Rb4 25. h5 d4 26. Nce4 Bxe4 27. Nxe4 0-0 28. a3 Rbb8 29. Qc4 Bb6 30. Qd3 Bd8 31. Nf6+ gxf6 32. Rxf6 Qc5 33. Rxh6 f5 34. exf6 Rf7 35. Rg6+ hxg6 36. Qxg6+ Kf8 37. Bh6+ Ke8 38. Qg8+ Rf8 39. f7+ Kd7 40. Bxf8 Qd5 41. Bd6 Qf3+ 42. Bg3 Rxb2 43. f8Q 1-0

[Event "Luxembourg-chT 9899"]
[Site "Luxembourg"]
[Date "1999.01.24"]
[Round "7"]
[White "Brittner, Serge"]
[Black "Krier, Jeannot"]
[Result "1/2-1/2"]
[WhiteElo "2110"]
[BlackElo "2015"]
[PlyCount "94"]
[EventDate "1998.10.08"]
[EventType "team"]
[EventRounds "10"]
[EventCountry "LUX"]
[SourceTitle "EXT 2005"]
[Source "ChessBase"]
[SourceDate "2004.11.15"]
[SourceVersion "1"]
[SourceVersionDate "2004.11.15"]
[SourceQuality "1"]

1. d4 Nf6 2. Nf3 d6 3. Nc3 g6 4. e4 Bg7 5. h3 0-0 6. Be3 Nbd7 7. Qd2 c5 8. 0-0-0 Qa5 9. Kb1 a6 10. Nd5 Qd8 11. Nxf6+ Nxf6 12. dxc5 Nxe4 13. Qd5 Nf6 14. Qb3 Be6 15. Qb6 Qxb6 16. cxb6 Nd5 17. Nd4 Nxe3 18. fxe3 Bd7 19. Be2 Rfc8 20. Bf3 Rab8 21. Rd2 Rc4 22. a3 Bc6 23. Rhd1 Bxf3 24. gxf3 Rbc8 25. c3 Bf8 26. f4 e6 27. e4 R4c5 28. a4 Ra5 29. b4 Rh5 30. Rd3 Rh4 31. Rf1 Bh6 32. Ne2 Rc6 33. a5 Kf8 34. Rff3 Ke7 35. Kb2 Rc4 36. Rd4 Rxd4 37. cxd4 e5 38. Kc3 Bxf4 39. Nxf4 Rxf4 40. Rxf4 exf4 41. b5 Kd7 42. bxa6 bxa6 43. Kd3 f6 44. Ke2 g5 45. Kf3 h6 46. h4 Kc6 47. hxg5 hxg5 1/2-1/2

[Event "LUX-chABC"]
[Site "Dudelange"]
[Date "1997.03.31"]
[Round "3.15"]
[White "Hengel, Guy"]
[Black "Krier, Jeannot"]
[Result "1/2-1/2"]
[WhiteElo "1735"]
[BlackElo "2075"]
[PlyCount "119"]
[EventDate "1997.03.29"]
[EventType "swiss"]
[EventRounds "9"]
[EventCountry "LUX"]
[SourceTitle "EXT 2013"]
[Source "ChessBase"]
[SourceDate "2012.11.22"]
[SourceVersion "1"]
[SourceVersionDate "2012.11.22"]
[SourceQuality "1"]

1. g3 c5 2. Bg2 Nc6 3. c4 Nf6 4. Nc3 g6 5. b3 Bg7 6. Bb2 0-0 7. Nf3 d6 8. d4 Qa5 9. 0-0 cxd4 10. Nb5 d5 11. cxd5 Nxd5 12. Nbxd4 Nxd4 13. Bxd4 Rd8 14. Qc1 Bf5 15. Bxg7 Kxg7 16. Nd2 Ne3 17. Nc4 Nxc4 18. Qxc4 Rac8 19. Qf4 e5 20. Qe3 Rc3 21. b4 Rxe3 22. bxa5 Rxe2 23. Rfe1 Rdd2 24. Rxe2 Rxe2 25. Bxb7 Rb2 26. a6 Rb1+ 27. Rxb1 Bxb1 28. a3 Bd3 29. f3 f5 30. Kf2 Kf6 31. Ke3 Bf1 32. Kf2 Bc4 33. Ke3 Ke6 34. f4 h6 35. h4 Kd6 36. fxe5+ Kxe5 37. a4 Bb3 38. Bc6 g5 39. Bd7 Bc4 40. Bc8 f4+ 41. gxf4+ gxf4+ 42. Kf2 Be6 43. Bb7 Bg4 44. Bc6 Kd4 45. Bb7 Bd7 46. Kf3 Ke5 47. a5 h5 48. Ba8 Ba4 49. Bb7 Bb5 50. Bc8 Bc6+ 51. Kf2 Ke4 52. Bb7 Bd5 53. Ke2 Kd4 54. Kf2 Be4 55. Ke2 Ke5 56. Kf2 f3 57. Ke3 f2 58. Kxf2 Kf4 59. Bc8 Bd3 60. Bb7 1/2-1/2

[Event "Imperia op-A 36th"]
[Site "Imperia"]
[Date "1994.09.09"]
[Round "7.36"]
[White "Rossi, Giampiero"]
[Black "Krier, Jeannot"]
[Result "1-0"]
[WhiteElo "2215"]
[BlackElo "2000"]
[PlyCount "83"]
[EventDate "1994.09.03"]
[EventType "swiss"]
[EventRounds "9"]
[EventCountry "ITA"]
[SourceTitle "EXT 2024"]
[Source "ChessBase"]
[SourceDate "2023.10.10"]
[SourceVersion "1"]
[SourceVersionDate "2023.10.10"]
[SourceQuality "1"]

1. d4 e6 2. c4 c5 3. dxc5 Bxc5 4. Nf3 Ne7 5. Nc3 Qb6 6. e3 Bb4 7. Bd2 0-0 8. Be2 Rd8 9. 0-0 d5 10. Qb3 Bc5 11. Na4 Qxb3 12. axb3 Nd7 13. Nxc5 Nxc5 14. Bb4 b6 15. Bxc5 bxc5 16. Ra5 d4 17. Rd1 Bb7 18. exd4 cxd4 19. Rxd4 Nc6 20. Rxd8+ Rxd8 21. Ra1 f6 22. Rd1 Rxd1+ 23. Bxd1 Kf7 24. Kf1 Ke7 25. Ke2 Kd6 26. Kd2 Kc5 27. Kc3 Nb4 28. Ne1 a5 29. f3 Na2+ 30. Kd2 Nb4 31. Bc2 g6 32. Ke3 Nxc2+ 33. Nxc2 e5 34. Kd3 Bc8 35. Kc3 Be6 36. Ne1 Bf5 37. g4 Bb1 38. Ng2 e4 39. f4 h6 40. Ne3 h5 41. gxh5 gxh5 42. h4 1-0

[Event "Imperia op-A 36th"]
[Site "Imperia"]
[Date "1994.09.08"]
[Round "6.34"]
[White "Krier, Jeannot"]
[Black "Kramer, Stefan"]
[Result "0-1"]
[WhiteElo "2000"]
[BlackElo "2200"]
[PlyCount "98"]
[EventDate "1994.09.03"]
[EventType "swiss"]
[EventRounds "9"]
[EventCountry "ITA"]
[SourceTitle "EXT 2024"]
[Source "ChessBase"]
[SourceDate "2023.10.10"]
[SourceVersion "1"]
[SourceVersionDate "2023.10.10"]
[SourceQuality "1"]

1. g4 d5 2. Bg2 c6 3. c4 dxc4 4. h3 e5 5. Qc2 Be6 6. Na3 Nd7 7. Nxc4 Qc7 8. b3 Ne7 9. Ba3 Nd5 10. Bxf8 Nxf8 11. Ne3 0-0-0 12. Rc1 Ng6 13. Qc5 Qb6 14. Bxd5 Bxd5 15. Qxb6 axb6 16. Nxd5 Rxd5 17. d3 Nf4 18. h4 Kc7 19. Nh3 Ra8 20. Nxf4 exf4 21. Rh3 Rxa2 22. Rc4 Re5 23. Re4 Ra1+ 24. Kd2 Ra2+ 25. Kd1 Ra1+ 26. Kd2 Rxe4 27. dxe4 Rg1 28. g5 Kd6 29. Rd3+ Ke7 30. Rf3 Rg4 31. Rh3 Ke6 32. Rh1 Ke5 33. Kd3 f5 34. gxf6 Kxf6 35. Kd4 Rg2 36. Rf1 Rh2 37. e5+ Ke6 38. Ke4 Rxh4 39. Rd1 f3+ 40. Kxf3 Rb4 41. Rd3 Kxe5 42. e3 Ke6 43. Kg3 c5 44. f4 b5 45. Kf3 c4 46. bxc4 bxc4 47. Rd4 b5 48. e4 Rb3+ 49. Kg4 Rd3 0-1